[Event "2. CLANSKA LIGA ZAHOD 2014"]
[Site "Ljubljana"]
[Date "2014.10.18"]
[Round "2.2"]
[White "Persl, Bojan"]
[Black "Rojs, Igor"]
[Result "1-0"]
[WhiteElo "2083"]
[BlackElo "1972"]
[PlyCount "107"]
[EventDate "2014.10.18"]
[WhiteTeam "SD KC LJUBLJANA"]
[BlackTeam "SK TRZIN"]

1. e4 e6 2. d4 d5 3. Nd2 Nf6 4. e5 Nfd7 5. Bd3 c5 6. c3 Nc6 7. Ne2 Qb6 8. Nf3
cxd4 9. cxd4 Bb4+ 10. Bd2 Bxd2+ 11. Qxd2 Qb4 12. Rc1 Qxd2+ 13. Nxd2 Nb6 14. O-O
Bd7 15. a3 a5 16. Nb3 Ke7 17. f4 f5 18. exf6+ gxf6 19. Nc5 Rab8 20. Rf3 Bc8 21.
Rg3 Kf7 22. Bb5 Ne7 23. Rb3 Na8 24. Ng3 Rd8 25. Bd3 b6 26. Be2 Rd6 27. Bh5+ Kg7
28. Nd3 Ba6 29. Ne1 Nc6 30. Nf3 Bc8 31. Be8 Na7 32. Nh5+ Kf8 33. Nxf6 Ke7 34.
Nxh7 Kxe8 35. Ne5 Rb7 36. Nf6+ Ke7 37. Nh7 Ke8 38. Rh3 Rg7 39. g4 Bb7 40. Nf6+
Ke7 41. g5 Nc6 42. Nxc6+ Bxc6 43. Rhc3 Bb7 44. h4 Rg6 45. Rc7+ Nxc7 46. Rxc7+
Kf8 47. Rxb7 Rc6 48. Nh7+ Kg8 49. h5 Rg7 50. Nf6+ Kf8 51. Rb8+ Ke7 52. h6 Rc1+
53. Kg2 Rc2+ 54. Kg3 1-0

[Event "2. CLANSKA LIGA ZAHOD 2014"]
[Site "Ljubljana"]
[Date "2014.10.18"]
[Round "2.3"]
[White "Rijavec, Stane"]
[Black "Kodela, Marko"]
[Result "1-0"]
[WhiteElo "1964"]
[BlackElo "1976"]
[PlyCount "73"]
[EventDate "2014.10.18"]
[WhiteTeam "SK TRZIN"]
[BlackTeam "SD KC LJUBLJANA"]

1. Nf3 Nf6 2. d4 c5 3. e3 e6 4. Bd3 Nc6 5. c3 d5 6. O-O Be7 7. Nbd2 O-O 8. Ne5
Nxe5 9. dxe5 Nd7 10. f4 f5 11. exf6 Nxf6 12. e4 dxe4 13. Nxe4 Rb8 14. Qe2 Bd7
15. Be3 Qc7 16. Rad1 Nxe4 17. Bxe4 Bc6 18. Bc2 Bd5 19. Qh5 g6 20. Bxg6 hxg6 21.
Qxg6+ Kh8 22. Rxd5 exd5 23. Rf3 Bh4 24. Qg4 Qh7 25. Bxc5 Rbe8 26. Bd4+ Bf6 27.
Rh3 Bxd4+ 28. cxd4 Rf7 29. Rxh7+ Rxh7 30. h3 Rd8 31. f5 Rg8 32. Qf3 Rhg7 33. g4
Rd7 34. Kh2 Rc8 35. f6 Rc6 36. f7 Kg7 37. f8=Q+ 1-0

[Event "2. CLANSKA LIGA ZAHOD 2014"]
[Site "Ljubljana"]
[Date "2014.10.18"]
[Round "2.4"]
[White "Gorsic, Jure"]
[Black "Troha, Bogomir"]
[Result "1/2-1/2"]
[WhiteElo "1825"]
[BlackElo "1912"]
[PlyCount "75"]
[EventDate "2014.10.18"]
[WhiteTeam "SD KC LJUBLJANA"]
[BlackTeam "SK TRZIN"]

1. Nf3 Nf6 2. g3 g6 3. Bg2 Bg7 4. O-O O-O 5. c4 d5 6. cxd5 Nxd5 7. Nc3 Nc6 8.
d4 Nxc3 9. bxc3 Rb8 10. Qd3 e5 11. Rd1 Re8 12. e4 Bg4 13. d5 Na5 14. Be3 b6 15.
h3 Bxf3 16. Bxf3 Qd6 17. c4 Nb7 18. a4 a5 19. Rdc1 Nc5 20. Qa3 Bf8 21. Bxc5
Qxc5 22. Qxc5 Bxc5 23. Bg4 Rbd8 24. h4 h5 25. Bh3 Rf8 26. Ra2 f5 27. Re1 Bd6
28. f4 exf4 29. e5 Bc5+ 30. Kg2 fxg3 31. Kxg3 Kg7 32. Bg2 Rfe8 33. Rae2 Bb4 34.
Rd1 Bc5 35. Kf4 Bb4 36. Bf3 Bc5 37. Rg2 Kh7 38. Re2 1/2-1/2

[Event "2. CLANSKA LIGA ZAHOD 2014"]
[Site "Ljubljana"]
[Date "2014.10.18"]
[Round "2.5"]
[White "Bajec, Borut"]
[Black "Sivcevic, Nusret"]
[Result "1/2-1/2"]
[WhiteElo "1804"]
[BlackElo "1843"]
[PlyCount "49"]
[EventDate "2014.10.18"]
[WhiteTeam "SK TRZIN"]
[BlackTeam "SD KC LJUBLJANA"]

1. d4 e6 2. c4 f5 3. Nf3 Nf6 4. Nc3 Bb4 5. Bd2 O-O 6. e3 Qe8 7. Bd3 Bxc3 8.
Bxc3 d6 9. Qc2 b6 10. O-O-O d5 11. Bb4 c5 12. dxc5 Na6 13. Bc3 Nxc5 14. Bxf6
Nxd3+ 15. Rxd3 Rxf6 16. cxd5 exd5 17. Rc3 Be6 18. Nd4 Rc8 19. Kb1 Rxc3 20. Qxc3
f4 21. Re1 Qg6+ 22. Ka1 Qxg2 23. exf4 Bd7 24. Qe3 Rf8 25. Qg3 1/2-1/2

[Event "2. CLANSKA LIGA ZAHOD 2014"]
[Site "Ljubljana"]
[Date "2014.10.18"]
[Round "2.1"]
[White "Brezovar, Matjaz"]
[Black "Lucovnik, Tilen"]
[Result "1-0"]
[WhiteElo "2250"]
[BlackElo "1992"]
[PlyCount "53"]
[EventDate "2014.10.18"]
[WhiteTeam "SD DOLENJSKE TOPLICE"]
[BlackTeam "SK KOMENDA"]

1. c4 b6 2. Nc3 e6 3. e4 Bb7 4. Nge2 Bb4 5. a3 Bxc3 6. Nxc3 Ne7 7. g3 O-O 8.
Bg2 d6 9. d4 e5 10. d5 f5 11. exf5 Nxf5 12. O-O Bc8 13. Ne4 h6 14. Bd2 a5 15.
b3 Nd7 16. Bc3 Qe8 17. Qd2 Qg6 18. f4 exf4 19. Rxf4 Ne7 20. Raf1 Rxf4 21. Qxf4
Ba6 22. Bh3 Rf8 23. Be6+ Kh8 24. Bf7 Qh7 25. Qh4 Nf5 26. Rxf5 Qxf5 27. Qxh6+
1-0

[Event "2. CLANSKA LIGA ZAHOD 2014"]
[Site "Ljubljana"]
[Date "2014.10.18"]
[Round "2.2"]
[White "Kralj, Samo"]
[Black "Luzar, Emil"]
[Result "1/2-1/2"]
[WhiteElo "1987"]
[BlackElo "2169"]
[PlyCount "90"]
[EventDate "2014.10.18"]
[WhiteTeam "SK KOMENDA"]
[BlackTeam "SD DOLENJSKE TOPLICE"]

1. e4 c5 2. Nc3 Nc6 3. f4 g6 4. Nf3 Bg7 5. Bc4 e6 6. O-O Nge7 7. d3 O-O 8. Qe1
d5 9. Bb3 Nd4 10. Nxd4 cxd4 11. Nd1 a5 12. a4 b5 13. axb5 Qb6 14. exd5 Nxd5 15.
Bxd5 exd5 16. Bd2 Bg4 17. Rxa5 Rac8 18. Nf2 Rfe8 19. Qc1 Bd7 20. b4 Bxb5 21.
Re1 Re3 22. Bxe3 dxe3 23. Qxe3 Bd4 24. Rxb5 Bxe3 25. Rxb6 Bxb6 26. Re2 Ra8 27.
g3 Ra4 28. Kg2 Rxb4 29. Ng4 Bd4 30. Ne3 Rb5 31. c4 dxc4 32. Nxc4 Rb3 33. Rd2 f5
34. Ne5 Bc3 35. Rd1 Rb2+ 36. Kh3 Kg7 37. d4 h6 38. g4 fxg4+ 39. Nxg4 Bd2 40.
Rf1 Rb4 41. Rf3 Rxd4 42. Kg3 h5 43. Ne3 Re4 44. Ng2 Rc4 45. Rd3 Rc3 1/2-1/2

[Event "2. CLANSKA LIGA ZAHOD 2014"]
[Site "Ljubljana"]
[Date "2014.10.18"]
[Round "2.3"]
[White "Pucelj, Joze"]
[Black "Leonardi, Caterina"]
[Result "1-0"]
[WhiteElo "2099"]
[BlackElo "1984"]
[PlyCount "61"]
[EventDate "2014.10.18"]
[WhiteTeam "SD DOLENJSKE TOPLICE"]
[BlackTeam "SK KOMENDA"]

1. e4 e6 2. d4 d5 3. e5 c5 4. c3 Nc6 5. Nf3 Nge7 6. a3 a5 7. Bb5 Bd7 8. a4 cxd4
9. cxd4 Nb4 10. Bxd7+ Qxd7 11. O-O Ng6 12. h4 Be7 13. g3 O-O 14. Nc3 f6 15.
exf6 Bxf6 16. Qe2 Rfe8 17. Bg5 Bxg5 18. hxg5 Rad8 19. Ne5 Nxe5 20. Qxe5 Nc6 21.
Qf4 e5 22. dxe5 Rxe5 23. Qd2 d4 24. Nb5 Qe7 25. g6 hxg6 26. Rfe1 d3 27. Rxe5
Nxe5 28. Qe3 d2 29. Qb3+ Kh7 30. Kg2 Qf6 31. Rh1+ 1-0

[Event "2. CLANSKA LIGA ZAHOD 2014"]
[Site "Ljubljana"]
[Date "2014.10.18"]
[Round "2.4"]
[White "Kobold, Andrej"]
[Black "Muhic, Jure"]
[Result "1-0"]
[WhiteElo "1923"]
[BlackElo "1779"]
[PlyCount "53"]
[EventDate "2014.10.18"]
[WhiteTeam "SK KOMENDA"]
[BlackTeam "SD DOLENJSKE TOPLICE"]

1. e4 c6 2. d4 d5 3. e5 Bf5 4. Nc3 e6 5. g4 Bg6 6. Nge2 h6 7. Nf4 Bh7 8. Bd3
Bxd3 9. Nxd3 Na6 10. Be3 Rc8 11. Ne2 c5 12. c3 Qd7 13. Ng3 cxd4 14. Bxd4 Nc5
15. O-O Nxd3 16. Qxd3 Bc5 17. f4 Ne7 18. f5 Bxd4+ 19. cxd4 Nc6 20. fxe6 Qxe6
21. Nf5 O-O 22. a3 f6 23. Nxh6+ gxh6 24. Qg6+ Kh8 25. Qxh6+ Kg8 26. Qg6+ Kh8
27. Rf3 1-0

[Event "2. CLANSKA LIGA ZAHOD 2014"]
[Site "Ljubljana"]
[Date "2014.10.18"]
[Round "2.5"]
[White "Janko, Roman"]
[Black "Bernik, Alja"]
[Result "1-0"]
[WhiteElo "1835"]
[BlackElo "1774"]
[PlyCount "125"]
[EventDate "2014.10.18"]
[WhiteTeam "SD DOLENJSKE TOPLICE"]
[BlackTeam "SK KOMENDA"]

1. e4 e5 2. Nc3 Nf6 3. Bc4 Nc6 4. d3 Na5 5. Bb3 Nxb3 6. axb3 Be7 7. f4 exf4 8.
Bxf4 d6 9. Nf3 O-O 10. O-O Bg4 11. Qe1 Re8 12. Qf2 a6 13. Qg3 Qd7 14. Be3 Nh5
15. Qf2 Rf8 16. Nd5 Nf6 17. Nxe7+ Qxe7 18. Bg5 h6 19. Bh4 Qe6 20. Nd4 Qe5 21.
Bxf6 gxf6 22. Qxf6 Qxf6 23. Rxf6 Kg7 24. Rf4 Bd7 25. Ra5 Rae8 26. Kf2 Re5 27.
Ra1 Rfe8 28. c4 c6 29. Rf1 Rf8 30. Nf3 Re7 31. Ke3 Bc8 32. Nh4 Rfe8 33. Nf5+
Bxf5 34. Rxf5 Kg6 35. Rf6+ Kg7 36. Rxd6 Re6 37. Rd7 R8e7 38. Rxe7 Rxe7 39. d4
f6 40. d5 cxd5 41. cxd5 Rc7 42. Rd1 Kf7 43. Kd3 Rc8 44. Rd2 Rc7 45. Rc2 Rd7 46.
Kd4 Ke7 47. Rc8 Kf7 48. Kc5 Ke7 49. Rh8 Rc7+ 50. Kd4 Rc2 51. Rxh6 Rxg2 52. Rh7+
Kd8 53. Rxb7 Rxh2 54. Rb6 Rxb2 55. Rxf6 Rxb3 56. Rxa6 Rb4+ 57. Ke5 Rb7 58. Kf6
Kd7 59. e5 Rb5 60. e6+ Kd8 61. e7+ Kd7 62. Ra8 Rb6+ 63. Kf7 1-0

[Event "2. CLANSKA LIGA ZAHOD 2014"]
[Site "Ljubljana"]
[Date "2014.10.18"]
[Round "2.6"]
[White "Markosek, Maj"]
[Black "Gorse, Damjan"]
[Result "0-1"]
[WhiteElo "1728"]
[BlackElo "1777"]
[PlyCount "174"]
[EventDate "2014.10.18"]
[WhiteTeam "SK KOMENDA"]
[BlackTeam "SD DOLENJSKE TOPLICE"]

1. d4 Nf6 2. c4 g6 3. Nc3 Bg7 4. e4 d6 5. f3 O-O 6. Bg5 c5 7. d5 Na6 8. Nge2
Bd7 9. Nc1 Nc7 10. Be2 a6 11. a4 b6 12. O-O Rb8 13. f4 b5 14. e5 b4 15. Nb1 Ne4
16. exd6 Nxd6 17. Nb3 Bxb2 18. Ra2 Bg7 19. Nxc5 Nf5 20. Nxd7 Qxd7 21. Bg4 b3
22. Rd2 e6 23. Bxf5 exf5 24. a5 Rfc8 25. Re1 Re8 26. Rxe8+ Nxe8 27. d6 Nf6 28.
Bxf6 Bxf6 29. h3 b2 30. c5 Rb5 31. Rc2 Qc6 32. d7 Rb8 33. Qd6 Qxd6 34. cxd6 Rd8
35. Rc7 Bd4+ 36. Kf1 Kg7 37. Ke2 Kf6 38. Rc4 Bg1 39. Kf1 Be3 40. Ke2 Bc1 41.
Rc6 Rxd7 42. Rxa6 Bxf4 43. Rb6 Be5 44. a6 Ra7 45. Na3 Bd4 46. Rc6 Rd7 47. Rc7
Rxd6 48. a7 Rd8 49. Rd7 Re8+ 50. Kd3 Bc5 51. Rb7 Ra8 52. Nc4 Rxa7 53. Rxb2 Re7
54. Rb5 Rc7 55. Nd2 g5 56. Ke2 h5 57. g3 Bd6 58. Rb6 Ke7 59. Rb5 Bxg3 60. Rxf5
Bf4 61. Ne4 f6 62. h4 Ke6 63. Rb5 f5 64. Nxg5+ Bxg5 65. hxg5 Rg7 66. Rb6+ Ke5
67. g6 Kf4 68. Ra6 Kg5 69. Kf3 Rxg6 70. Ra4 Rb6 71. Ra3 Rb4 72. Kg3 Rg4+ 73.
Kh3 Re4 74. Kg3 f4+ 75. Kf3 Re5 76. Ra2 Re3+ 77. Kg2 Kg4 78. Ra8 Re2+ 79. Kf1
Re5 80. Ra4 h4 81. Ra8 Rb5 82. Ra1 Kg3 83. Kg1 f3 84. Rc1 Rb2 85. Ra1 h3 86.
Rc1 Re2 87. Kh1 Rh2+ 0-1

[Event "2. CLANSKA LIGA ZAHOD 2014"]
[Site "Ljubljana"]
[Date "2014.10.18"]
[Round "3.1"]
[White "Markoja, Sebastijan"]
[Black "Krumpak, Hinko"]
[Result "0-1"]
[WhiteElo "2205"]
[BlackElo "2140"]
[PlyCount "60"]
[EventDate "2014.10.18"]
[WhiteTeam "SK KOMENDA"]
[BlackTeam "SK VISNJA GORA - STICNA"]

1. e4 e6 2. d4 d5 3. Nd2 dxe4 4. Nxe4 Nd7 5. Nf3 Ngf6 6. Nxf6+ Nxf6 7. Be3 Nd5
8. Bg5 Be7 9. Bxe7 Qxe7 10. Qd2 O-O 11. Bd3 c5 12. dxc5 Qxc5 13. O-O Nf6 14.
Rfe1 Bd7 15. Re5 Qe7 16. Rae1 Rfd8 17. Nd4 Qf8 18. Rg5 g6 19. h4 Be8 20. Qf4
Qg7 21. Nf3 Nd5 22. Qg3 Qxb2 23. h5 Qg7 24. hxg6 hxg6 25. Nh4 Ne7 26. Be4 Rac8
27. Ra5 Bc6 28. Rxa7 Bxe4 29. Rxe4 Rxc2 30. Re1 Qb2 0-1

[Event "2. CLANSKA LIGA ZAHOD 2014"]
[Site "Ljubljana"]
[Date "2014.10.18"]
[Round "3.2"]
[White "Sotirov, Pavle"]
[Black "Lucovnik, Tilen"]
[Result "0-1"]
[WhiteElo "1867"]
[BlackElo "1992"]
[PlyCount "86"]
[EventDate "2014.10.18"]
[WhiteTeam "SK VISNJA GORA - STICNA"]
[BlackTeam "SK KOMENDA"]

1. e4 d6 2. Bc4 Nf6 3. d3 e5 4. h3 c6 5. a3 d5 6. exd5 cxd5 7. Ba2 Nc6 8. c3
Bd6 9. Bg5 Be6 10. Ne2 h6 11. Bh4 g5 12. Bg3 Nh5 13. Nd2 Nf4 14. Bxf4 gxf4 15.
Qc2 Rg8 16. Rg1 Qb6 17. c4 Bf5 18. cxd5 Nd4 19. Nxd4 Qxd4 20. Ne4 Be7 21. Qc3
Bxh3 22. Qxd4 exd4 23. g3 fxg3 24. Rxg3 Rxg3 25. fxg3 Kd7 26. O-O-O Rc8+ 27.
Kb1 f5 28. Nf2 Bg2 29. Rg1 Bf3 30. Re1 Bd6 31. g4 Bg3 32. gxf5 Bxf2 33. Rf1 Be2
34. Rxf2 Bxd3+ 35. Ka1 Rc1+ 36. Bb1 Rxb1+ 37. Ka2 Rf1 38. Rh2 Rxf5 39. b3 h5
40. Rd2 Be4 41. Rxd4 Bxd5 42. a4 Kd6 43. a5 Rf3 0-1

[Event "2. CLANSKA LIGA ZAHOD 2014"]
[Site "Ljubljana"]
[Date "2014.10.18"]
[Round "3.3"]
[White "Kralj, Samo"]
[Black "Perovsek, Milan"]
[Result "1/2-1/2"]
[WhiteElo "1987"]
[BlackElo "1812"]
[PlyCount "98"]
[EventDate "2014.10.18"]
[WhiteTeam "SK KOMENDA"]
[BlackTeam "SK VISNJA GORA - STICNA"]

1. e4 c5 2. Nc3 e6 3. g3 a6 4. a4 b6 5. Bg2 Ra7 6. f4 Ne7 7. Nf3 d5 8. O-O d4
9. Ne2 Nec6 10. d3 Be7 11. g4 h5 12. g5 g6 13. h4 O-O 14. Ng3 f5 15. gxf6 Bxf6
16. Ng5 Bxg5 17. hxg5 Raf7 18. e5 Qc7 19. Ne4 Rg7 20. Nf6+ Kf7 21. Qe2 Ke7 22.
Bd2 Bb7 23. Be4 Kd8 24. c3 a5 25. Rac1 Qe7 26. Be1 Rh8 27. Bf2 Rf8 28. Qc2 dxc3
29. bxc3 Na7 30. Qb3 Nc8 31. Bxb7 Qxb7 32. Qxe6 Qf3 33. Qd5+ Qxd5 34. Nxd5 Rd7
35. c4 Nc6 36. Nxb6 Rxf4 37. Nxd7 Kxd7 38. Bxc5 Rg4+ 39. Kh2 Nxe5 40. Be3 Nd6
41. Rb1 Nf5 42. Rb7+ Kc6 43. Rb6+ Kd7 44. Rxf5 gxf5 45. Rf6 Nf3+ 46. Kh3 h4 47.
Bf2 Nxg5+ 48. Kh2 Nf3+ 49. Kh3 Ng5+ 1/2-1/2

[Event "2. CLANSKA LIGA ZAHOD 2014"]
[Site "Ljubljana"]
[Date "2014.10.18"]
[Round "3.4"]
[White "Lesjak, Damjan"]
[Black "Leonardi, Caterina"]
[Result "0-1"]
[WhiteElo "1815"]
[BlackElo "1984"]
[PlyCount "92"]
[EventDate "2014.10.18"]
[WhiteTeam "SK VISNJA GORA - STICNA"]
[BlackTeam "SK KOMENDA"]

1. d4 d5 2. c4 c6 3. Nc3 a6 4. cxd5 cxd5 5. Nf3 Nf6 6. h3 Nc6 7. Bf4 Bf5 8. e3
e6 9. a3 Bd6 10. Bxd6 Qxd6 11. Bd3 Bxd3 12. Qxd3 O-O 13. O-O Rac8 14. Rfc1 Na5
15. Na4 Ne4 16. b4 Nc4 17. Nc5 Nxc5 18. bxc5 Qc7 19. Rab1 Rb8 20. Nd2 Na5 21.
Rb6 Rfc8 22. Rcb1 h6 23. Nb3 Nc4 24. Rb4 Nxa3 25. Ra1 Nc4 26. Nd2 Nxd2 27. Qxd2
b6 28. cxb6 Rxb6 29. Rxb6 Qxb6 30. Qa5 Rc1+ 31. Kh2 Qd6+ 32. g3 Rxa1 33. Qxa1
Qb6 34. Qc3 a5 35. Qc8+ Kh7 36. Qd7 Kg6 37. g4 Qb4 38. h4 a4 39. Kg3 Qb8+ 40.
f4 a3 41. Qa4 Qb2 42. f5+ Kh7 43. fxe6 fxe6 44. g5 a2 45. Qe8 Qb1 46. h5 hxg5
0-1

[Event "2. CLANSKA LIGA ZAHOD 2014"]
[Site "Ljubljana"]
[Date "2014.10.18"]
[Round "3.5"]
[White "Kobold, Andrej"]
[Black "Jese, Janez"]
[Result "1-0"]
[WhiteElo "1923"]
[BlackElo "1846"]
[PlyCount "87"]
[EventDate "2014.10.18"]
[WhiteTeam "SK VISNJA GORA - STICNA"]
[BlackTeam "SK KOMENDA"]

1. e4 e5 2. Bc4 Nf6 3. Nc3 Bc5 4. d3 d6 5. Be3 Bxe3 6. fxe3 Be6 7. Bb3 O-O 8.
Nf3 h6 9. Qd2 Bxb3 10. axb3 c5 11. O-O Nc6 12. Qf2 Ng4 13. Qe2 Nb4 14. Rac1 a6
15. h3 Nf6 16. Qf2 Nh7 17. Nh4 Qg5 18. Nf5 Rad8 19. Qf3 Qf6 20. Qe2 Rd7 21. Nd5
Nxd5 22. exd5 Qg6 23. Kh2 Nf6 24. e4 Qh7 25. Qd2 Ne8 26. b4 Rc7 27. bxc5 Rxc5
28. Qe3 Rb5 29. Qg3 Kh8 30. b3 Qg6 31. Qxg6 fxg6 32. Nxh6 Nf6 33. Ng4 Nxg4+ 34.
hxg4 Rf6 35. g5 Rxf1 36. Rxf1 Kg8 37. Kg3 Rc5 38. c4 Ra5 39. Rf3 b6 40. d4 exd4
41. e5 dxe5 42. d6 e4 43. d7 Rxg5+ 44. Kf2 1-0

[Event "2. CLANSKA LIGA ZAHOD 2014"]
[Site "Ljubljana"]
[Date "2014.10.18"]
[Round "3.6"]
[White "Marek, Ivan"]
[Black "Bernik, Alja"]
[Result "0-1"]
[WhiteElo "1822"]
[BlackElo "1774"]
[PlyCount "60"]
[EventDate "2014.10.18"]
[WhiteTeam "SK VISNJA GORA - STICNA"]
[BlackTeam "SK KOMENDA"]

1. e4 e5 2. Nc3 Nf6 3. f4 d6 4. d4 exf4 5. Bxf4 Be7 6. Nf3 O-O 7. Qd2 Nbd7 8.
O-O-O a6 9. Bd3 b5 10. e5 Ne8 11. Nd5 Bb7 12. Nxe7+ Qxe7 13. Rhe1 dxe5 14. Nxe5
Nxe5 15. Rxe5 Qd8 16. Qf2 Nd6 17. Qg3 Kh8 18. Bxh7 Kxh7 19. Qh3+ Kg8 20. Rh5 f6
21. Rh7 Be4 22. Rh8+ Kf7 23. Qh5+ Ke7 24. Rxf8 Qxf8 25. Re1 f5 26. g4 Kd7 27.
Bxd6 cxd6 28. Rf1 Rc8 29. gxf5 Rxc2+ 30. Kd1 Qf6 0-1

[Event "2. CLANSKA LIGA ZAHOD 2014"]
[Site "Ljubljana"]
[Date "2014.10.18"]
[Round "3.1"]
[White "Solmajer, Luka"]
[Black "Brezovar, Matjaz"]
[Result "0-1"]
[WhiteElo "2080"]
[BlackElo "2250"]
[PlyCount "60"]
[EventDate "2014.10.18"]
[WhiteTeam "SD KC LJUBLJANA"]
[BlackTeam "SK DOLENJSKE TOPLICE"]

1. d4 e6 2. c4 f5 3. g3 Nf6 4. Bg2 d5 5. Nh3 c6 6. O-O Bd6 7. Nd2 O-O 8. b3
Nbd7 9. Bb2 b6 10. cxd5 cxd5 11. Nc4 Qe7 12. a4 Bb4 13. Ne5 Nxe5 14. dxe5 Ne4
15. f3 Nc5 16. Nf2 f4 17. Nd3 Nxd3 18. exd3 Ba6 19. Rf2 fxg3 20. hxg3 Qg5 21.
g4 Qe3 22. Bf1 Rac8 23. Kg2 d4 24. Qe2 Bb7 25. Bc1 Rxc1 26. Qxe3 dxe3 27. Rxc1
exf2 28. Be2 Be1 29. Rc7 Bxf3+ 30. Bxf3 Rxf3 0-1

[Event "2. CLANSKA LIGA ZAHOD 2014"]
[Site "Ljubljana"]
[Date "2014.10.18"]
[Round "3.2"]
[White "Luzar, Emil"]
[Black "Persl, Bojan"]
[Result "1-0"]
[WhiteElo "2169"]
[BlackElo "2083"]
[PlyCount "114"]
[EventDate "2014.10.18"]
[WhiteTeam "SK DOLENJSKE TOPLICE"]
[BlackTeam "SD KC LJUBLJANA"]

1. e4 e5 2. Nf3 Nc6 3. Bb5 a6 4. Ba4 Nf6 5. O-O Be7 6. Qe2 b5 7. Bb3 d6 8. a4
Bg4 9. c3 Na5 10. Bc2 c6 11. h3 Be6 12. d4 Bc4 13. Bd3 Bxd3 14. Qxd3 Nd7 15.
axb5 axb5 16. dxe5 Nc5 17. Qc2 Nab3 18. Rxa8 Qxa8 19. exd6 Bxd6 20. e5 Be7 21.
Bg5 Bxg5 22. Nxg5 h6 23. Ne4 O-O 24. Nxc5 Nxc5 25. b4 Nd7 26. Qf5 Nb6 27. Nd2
Qc8 28. Qe4 Rd8 29. Nf3 c5 30. bxc5 Qxc5 31. Nd4 Qd5 32. Qb1 Nc4 33. Re1 Nxe5
34. Qxb5 Qxb5 35. Nxb5 Rd5 36. Nd4 g6 37. Kf1 Rc5 38. Re3 f5 39. f4 Nd7 40. g3
Nf6 41. Ne2 Ne4 42. Rd3 Kf7 43. Kg2 Kf6 44. Kf3 h5 45. g4 hxg4+ 46. hxg4 g5 47.
gxf5 Nxc3 48. Nxc3 Kxf5 49. fxg5 Re5 50. Ne4 Ra5 51. Re3 Ra4 52. Kg3 Ra1 53.
Re2 Rg1+ 54. Rg2 Re1 55. g6 Rxe4 56. g7 Re8 57. Kh4 Kf6 1-0

[Event "2. CLANSKA LIGA ZAHOD 2014"]
[Site "Ljubljana"]
[Date "2014.10.18"]
[Round "3.3"]
[White "Gorsic, Jure"]
[Black "Pucelj, Joze"]
[Result "1/2-1/2"]
[WhiteElo "1825"]
[BlackElo "2099"]
[PlyCount "45"]
[EventDate "2014.10.18"]
[WhiteTeam "SD KC LJUBLJANA"]
[BlackTeam "SK DOLENJSKE TOPLICE"]

1. Nf3 g6 2. g3 Bg7 3. Bg2 c5 4. c4 Nc6 5. Nc3 Nf6 6. d4 cxd4 7. Nxd4 O-O 8.
O-O Qb6 9. Nc2 d6 10. Ne3 Be6 11. Ned5 Bxd5 12. cxd5 Ne5 13. Rb1 Rfc8 14. Be3
Qa5 15. Bd4 Ned7 16. b4 Qd8 17. Bh3 Rc4 18. Qd3 Rac8 19. e3 Ne8 20. Bxg7 Nxg7
21. Rfc1 R8c7 22. Bxd7 Qxd7 23. Ne2 1/2-1/2

[Event "2. CLANSKA LIGA ZAHOD 2014"]
[Site "Ljubljana"]
[Date "2014.10.18"]
[Round "3.4"]
[White "Muhic, Jure"]
[Black "Sivcevic, Nusret"]
[Result "1/2-1/2"]
[WhiteElo "1779"]
[BlackElo "1843"]
[PlyCount "90"]
[EventDate "2014.10.18"]
[WhiteTeam "SK DOLENJSKE TOPLICE"]
[BlackTeam "SD KC LJUBLJANA"]

1. c4 e6 2. Nc3 Bb4 3. g3 f5 4. Bg2 Nf6 5. Qb3 Na6 6. Nf3 O-O 7. O-O c6 8. d4
d5 9. Bf4 Bd6 10. Bxd6 Qxd6 11. Rad1 dxc4 12. Qxc4 Qb4 13. Qxb4 Nxb4 14. Ne5
Rd8 15. a3 Nbd5 16. Rd3 Bd7 17. e4 Nxc3 18. bxc3 fxe4 19. Re3 Nd5 20. Rxe4 Nxc3
21. Re3 Nb5 22. Rd3 Be8 23. Rfd1 Rab8 24. a4 Nd6 25. f4 a5 26. Bh3 Bf7 27. Re1
Nf5 28. Red1 g6 29. Bg2 Ne7 30. Re1 Nd5 31. Bh3 Nc7 32. Bg2 Nd5 33. Bh3 Re8 34.
Nd7 Rbd8 35. Ne5 Nb4 36. Rdd1 Nc2 37. Re4 c5 38. Rc1 Nxd4 39. Rxc5 Nf5 40. Rxa5
Rd2 41. Rc5 Red8 42. Nxf7 Kxf7 43. Bxf5 gxf5 44. Rc7+ Kf6 45. Re1 R8d7 1/2-1/2

[Event "2. CLANSKA LIGA ZAHOD 2014"]
[Site "Ljubljana"]
[Date "2014.10.18"]
[Round "3.5"]
[White "Pecnik, Primoz"]
[Black "Janko, Roman"]
[Result "0-1"]
[WhiteElo "1874"]
[BlackElo "1835"]
[PlyCount "102"]
[EventDate "2014.10.18"]
[WhiteTeam "SD KC LJUBLJANA"]
[BlackTeam "SK DOLENJSKE TOPLICE"]

1. e4 Nf6 2. Nc3 d6 3. d4 g6 4. Bc4 Bg7 5. f3 O-O 6. Be3 c6 7. Qd2 b5 8. Bd3
Qc7 9. Bh6 a5 10. a3 Rd8 11. Bxg7 Kxg7 12. g4 h5 13. gxh5 Nxh5 14. d5 Ba6 15.
dxc6 Qxc6 16. Nge2 Rh8 17. O-O-O b4 18. Nb1 Bxd3 19. Qxd3 Nd7 20. Nd4 Qc7 21.
Nb5 Qc5 22. Qd4+ Qxd4 23. Nxd4 Nf4 24. axb4 axb4 25. Nc6 b3 26. Nxe7 Ne5 27.
cxb3 Ned3+ 28. Kd2 Nf2 29. Ke3 Nxd1+ 30. Rxd1 Ne6 31. Rxd6 Rxh2 32. Rd2 Rh1 33.
Nc3 Rb8 34. Nc6 Rxb3 35. Nd4 Nxd4 36. Kxd4 Rh8 37. f4 Rhb8 38. Nd1 Rf3 39. Rf2
Rxf2 40. Nxf2 Rxb2 41. Ng4 Rg2 42. Ne5 Rd2+ 43. Nd3 Kh6 44. Ke3 Ra2 45. Ne5 Ra7
46. Ng4+ Kh5 47. Nf6+ Kh4 48. Kd4 Kg3 49. Ke5 Re7+ 50. Kd4 Re6 51. Nd5 Kf3 0-1

[Event "2. CLANSKA LIGA ZAHOD 2014"]
[Site "Ljubljana"]
[Date "2014.10.18"]
[Round "3.6"]
[White "Gorse, Damjan"]
[Black "Luci, Andrej"]
[Result "1-0"]
[WhiteElo "1777"]
[BlackElo "1600"]
[PlyCount "59"]
[EventDate "2014.10.18"]
[WhiteTeam "SK DOLENJSKE TOPLICE"]
[BlackTeam "SD KC LJUBLJANA"]

1. c4 Nf6 2. Nc3 g6 3. e3 Bg7 4. d4 O-O 5. Nf3 d6 6. Bd3 Bg4 7. h3 Bxf3 8. Qxf3
c6 9. Bd2 Nbd7 10. g4 e5 11. O-O-O exd4 12. exd4 Ne8 13. Ne2 Qb6 14. Bc3 Qc7
15. h4 c5 16. h5 cxd4 17. hxg6 dxc3 18. Rxh7 Ne5 19. Qh3 Nxd3+ 20. Qxd3 cxb2+
21. Kb1 fxg6 22. Rdh1 Nf6 23. R7h4 Qe7 24. Ng3 Kf7 25. f4 Rh8 26. g5 Rxh4 27.
Rxh4 Nh5 28. Ne4 d5 29. Qxd5+ Kf8 30. f5 1-0

[Event "2. CLANSKA LIGA ZAHOD 2014"]
[Site "Ljubljana"]
[Date "2014.10.18"]
[Round "3.1"]
[White "Kodric, Vladimir"]
[Black "Jukan, Nesib"]
[Result "1/2-1/2"]
[WhiteElo "1949"]
[BlackElo "2015"]
[PlyCount "30"]
[EventDate "2014.10.18"]
[WhiteTeam "SK LOSKA DOLINA"]
[BlackTeam "SK TRZIN"]

1. d4 Nf6 2. c3 d5 3. Bf4 Bf5 4. e3 e6 5. Bd3 Bg6 6. Nf3 Bd6 7. Bg5 Nbd7 8. Qe2
c6 9. Nbd2 Qc7 10. Bh4 Ne4 11. Bg3 Ndf6 12. Bxd6 Qxd6 13. Ne5 Nxd2 14. Qxd2
Bxd3 15. Qxd3 Nd7 1/2-1/2

[Event "2. CLANSKA LIGA ZAHOD 2014"]
[Site "Ljubljana"]
[Date "2014.10.18"]
[Round "3.2"]
[White "Rojs, Igor"]
[Black "Drobnic, Milan"]
[Result "1-0"]
[WhiteElo "1972"]
[BlackElo "1856"]
[PlyCount "57"]
[EventDate "2014.10.18"]
[WhiteTeam "SK TRZIN"]
[BlackTeam "SK LOSKA DOLINA"]

1. d4 Nf6 2. Bg5 e6 3. Nf3 b6 4. e3 Bb7 5. Bd3 h6 6. Bh4 Be7 7. h3 O-O 8. O-O
Ne4 9. Bxe7 Qxe7 10. Bxe4 Bxe4 11. Nbd2 Bb7 12. e4 f5 13. e5 Kh7 14. c3 Rg8 15.
Nh2 Qh4 16. Ndf3 Qh5 17. Nd2 Qg6 18. Ndf3 Na6 19. b4 Raf8 20. b5 Nb8 21. c4 Be4
22. Ne1 Qf7 23. d5 f4 24. Qd4 Bg6 25. Nef3 Bh5 26. g4 Bg6 27. Nh4 h5 28. N2f3
Rh8 29. Ng5+ 1-0

[Event "2. CLANSKA LIGA ZAHOD 2014"]
[Site "Ljubljana"]
[Date "2014.10.18"]
[Round "3.3"]
[White "Stanic, Vitko"]
[Black "Bajec, Borut"]
[Result "1/2-1/2"]
[WhiteElo "1794"]
[BlackElo "1804"]
[PlyCount "130"]
[EventDate "2014.10.18"]
[WhiteTeam "SK LOSKA DOLINA"]
[BlackTeam "SK TRZIN"]

1. d4 d5 2. Nf3 Nf6 3. Nbd2 e6 4. e3 Bd6 5. Bd3 O-O 6. O-O Nbd7 7. c4 c5 8. b3
b6 9. Bb2 Bb7 10. Re1 Rc8 11. h3 Bb8 12. Rc1 cxd4 13. exd4 Qe7 14. Nf1 Nh5 15.
g3 Nhf6 16. N3d2 Rfe8 17. f4 g6 18. Be2 Bd6 19. Bf3 Ba8 20. Rc2 Nb8 21. Qe2 Bb7
22. Qg2 Na6 23. Bc3 Ba8 24. Rec1 Bb4 25. Qe2 Bb7 26. Nb1 Rc7 27. Ne3 Qd7 28.
Bb2 Be7 29. a3 Rec8 30. Nd2 Bf8 31. Qg2 Rb8 32. b4 Bxb4 33. axb4 Nxb4 34. Rc3
Na2 35. Ra1 Nxc3 36. Bxc3 dxc4 37. Rxa7 Bxf3 38. Rxc7 Qxc7 39. Qxf3 b5 40. d5
Qd8 41. Be5 Rc8 42. d6 c3 43. Nb3 c2 44. Nc1 b4 45. Qb7 Rb8 46. Qc7 b3 47.
Qxd8+ Rxd8 48. Bxf6 Rxd6 49. Bb2 Ra6 50. Kf2 Ra2 51. Nc4 Ra7 52. Nxb3 Rc7 53.
Ncd2 Kf8 54. Bc1 Ke7 55. Ke2 Rc3 56. Kf2 h5 57. h4 f6 58. Kg2 Re3 59. Kf2 Rc3
60. Kg2 Re3 61. Kf2 Rc3 62. Bb2 Rd3 63. Bc1 f5 64. Ba3+ Kd8 65. Bc1 Kc7 1/2-1/2